000
00355nam a2200169Ia 4500
008
210210b1890 xxu||||| |||| 00| 0 eng d
041
_a
eng
082
_a
444/354
100
_a
SCHULTZ (J)
245
_a
Jean de kerdren
260
_a
London
_b
-
_c
1890
650
_a
kerdren
650
_a
Jean
650
_a
de
690
_a
French
906
_a
006549
999
_c
129538
_d
129538